书目信息 |
| 题名: |
无机化合物的合成与鉴定
|
|
| 作者: | 乔利 著 ;李彬 , 肖良质 译 | |
| 分册: | ||
| 出版信息: | 北京 高等教育出版社 1986 |
|
| 页数: | 642页 | |
| 开本: | 20cm | |
| 丛书名: | ||
| 单 册: | ||
| 中图分类: | O611.4 | |
| 科图分类: | ||
| 主题词: | 无机化合物-化学合成 , 化学合成-无机化合物 | |
| 电子资源: | ||
| ISBN: | ||
| 000 | 00784nam0 2200277 45 | |
| 001 | 0186010189 | |
| 005 | 20040914154350.0 | |
| 010 | @dCNY4.60 | |
| 091 | @a13010.01098 | |
| 100 | @a19900818d1986 emky0chiy0121 ea | |
| 101 | 1 | @achi@ceng |
| 102 | @aCN@b110000 | |
| 105 | @ay z 000yy | |
| 106 | @ar | |
| 200 | 10 | @a无机化合物的合成与鉴定@Awu ji hua he wu de he cheng yu jian ding@f(美)乔利著@g李彬, 肖良质译 |
| 210 | @a北京@c高等教育出版社@d1986 | |
| 215 | @a642页@d20cm | |
| 606 | @a无机化合物-化学合成 | |
| 606 | @a化学合成-无机化合物 | |
| 690 | @aO611.4@v3 | |
| 701 | 0 | @a乔利@Aqiao li@4著 |
| 702 | 0 | @a李彬@Ali bin@4译 |
| 702 | 0 | @a肖良质@Axiao liang zhi@4译 |
| 801 | 0 | @aCN@b深圳图书馆@c20040907 |
| 801 | 2 | @aCN@bNLC@c20040907 |
| 905 | @dO611.4@e12@f1@b203325 | |
| 无机化合物的合成与鉴定/(美)乔利著/李彬, 肖良质译.-北京:高等教育出版社,1986 |
| 642页;20cm |
| ISBN :CNY4.60 |
| ● |
| 相关链接 |
|
|
|
|
正题名:无机化合物的合成与鉴定
索取号:O611.4/19
 
预约/预借
| 序号 | 登录号 | 条形码 | 馆藏地/架位号 | 状态 | 备注 |
| 1 | 0203325 | 001701938 | 第三借阅区/ [索取号:O611.4/19] | 在馆 | |
| 2 | 0203326 | 001948735 | 第三借阅区/ [索取号:O611.4/19] | 在馆 | |
| 3 | 0203327 | 000349634 | 第二样本阅览室/ [索取号:O611.4/19] | 在馆 |